Culture Générale - Série 115 - Statistiques

Statistiques générales
  • Ce quiz a été pris 515 fois
  • Le résultat moyen est 5 sur 10
Statistiques - réponses
Question Réponse % Correct
De quel fleuve français le Tarn est-il un affluent ? Garonne
89%
Quelle chanteuse interprète le tube "Ma philosophie" en 2005 ? Amel Bent
77%
Selon l'expression populaire, à quel roi de Lydie compare-t-on un riche ? Crésus
70%
Au poker, que faut-il ajouter à une paire pour obtenir un full ? Brelan
59%
De quel président de la République Jacques Attali fut-il le conseiller ? François Mitterrand
59%
Quel personnage chante : "Ah je ris de me voir si belle en ce miroir" ? Bianca Castafiore
48%
A quel groupe français doit-on le tube "C'est comme ça", en 1986 ? Rita Mitsouko
42%
Dans quel art le Britannique Graham Greene s'est-il illustré ? littérature
37%
Comment appelle-t-on les habitants de Chamonix ? Chamoniards
20%
Qui interprétait "Harry, un ami qui vous veut du bien" au cinéma ? Sergi Lopez
11%
Aucun quiz correspondant
Distribution des résultats
% des personnes avec chaque résultat
Percentile par nombre de réponses
Votre historique - résultats
Vous n’avez pas pris ce quiz